Pharmaceutical Marketing: principles, environment, and practice (Record no. 6157)

MARC details
000 -LEADER
fixed length control field 00554nam a22001937a 4500
003 - CONTROL NUMBER IDENTIFIER
control field OSt
005 - DATE AND TIME OF LATEST TRANSACTION
control field 20181004182357.0
008 - FIXED-LENGTH DATA ELEMENTS--GENERAL INFORMATION
fixed length control field 181004b xxu||||| |||| 00| 0 eng d
020 ## - INTERNATIONAL STANDARD BOOK NUMBER
International Standard Book Number 9780789015822
040 ## - CATALOGING SOURCE
Transcribing agency DNLM
082 ## - DEWEY DECIMAL CLASSIFICATION NUMBER
Classification number QV373 P494s 2009
100 ## - MAIN ENTRY--PERSONAL NAME
Personal name Smith, Mickey C. [et...al]
9 (RLIN) 12715
245 ## - TITLE STATEMENT
Title Pharmaceutical Marketing: principles, environment, and practice
260 ## - PUBLICATION, DISTRIBUTION, ETC. (IMPRINT)
Place of publication, distribution, etc. New York; Informa, 2009
300 ## - PHYSICAL DESCRIPTION
Extent xvi,371p; ill: 22cm
504 ## - BIBLIOGRAPHY, ETC. NOTE
Bibliography, etc Notes, & index included
650 ## - SUBJECT ADDED ENTRY--TOPICAL TERM
Topical term or geographic name as entry element Pharmaceutical marketing
9 (RLIN) 12716
942 ## - ADDED ENTRY ELEMENTS (KOHA)
Source of classification or shelving scheme Other/Generic Classification Scheme
Koha item type Short Loan
Holdings
Withdrawn status Lost status Source of classification or shelving scheme Damaged status Not for loan Home library Current library Date acquired Source of acquisition Inventory number Total Checkouts Full call number Barcode Date last seen Koha item type
    Other/Generic Classification Scheme     Pharmacy Department Library Pharmacy Department Library 04/10/2018   11/0032   QV373 P494s 2009 2018-0373 04/10/2018 Short Loan